Environmental Policy Instruments in Liability for Environmental Damage in Transformation Process of the Slovak Republic

Salvato in:
Dettagli Bibliografici
Autore principale: Kluvánková-Oravská, Tatiana
Natura: Libro
Lingua:inglese
slovacco
Pubblicazione: Bratislava Institute for Forecasting Slovak Academy of Sciences 1996
Edizione:1. ed.
Serie:Working Papers no. 10
Soggetti:
Tags: Aggiungi Tag
Nessun Tag, puoi essere il primo ad aggiungerne!!

MARC

LEADER 00000nam a2200000 4500
001 c021866
005 20221024115313.9
041 0 |a eng 
041 0 |a slo 
044 |a SK 
245 1 0 |a Environmental Policy Instruments in Liability for Environmental Damage in Transformation Process of the Slovak Republic  |c Tatiana Kluvankova 
250 |a 1. ed. 
264 1 |a Bratislava  |b Institute for Forecasting Slovak Academy of Sciences  |c 1996 
300 |a 30 s. 
490 1 |a Working Papers  |v no. 10 
830 0 |a Working Papers  |v no. 10 
610 2 0 |a politika environmentálna 
610 2 0 |a transformácia 
610 2 0 |a financie 
610 2 0 |a zodpovednosť 
610 2 0 |a prostredie prírodné 
610 2 0 |a prostredie životné 
610 2 0 |a Slovensko 
610 2 0 |a analýzy 
100 1 |a Kluvánková-Oravská, Tatiana